| 000 | 01588nam a2200253 a 4500 | ||
|---|---|---|---|
| 001 | BRCA_8733 | ||
| 005 | 20190320210401.0 | ||
| 008 | 200217s1781----sp-#######---#000-0#spa-# | ||
| 041 | _aspa | ||
| 044 | _asp | ||
| 084 |
_aBE89 _b.C67 1781 |
||
| 100 | 1 |
_aCortines, Francisco Ignacio _921110 |
|
| 245 | 1 | 0 |
_aSermones del P.D. Nicolas Gallo Presbítero de la Congregación Del Salvador del Mundo de Madrid, que da a luz _cFrancisco Ignacio Cortines. |
| 260 |
_aMadrid _bPor D. Manuel Martin _c1781 |
||
| 300 |
_a[50], 327 p. (t.1) _c20.1 x 15.4 cm. |
||
| 500 | _aCon las licencias necesarias. | ||
| 500 | _aEstado físico : presenta encuadernación en pergamino | ||
| 500 | _aCon marca de fuego: “Procedencia de la marca: Colegio Jesuita de San Francisco Xavier de la Ciudad de Querétaro (1). Institución: Provincia Mexicana de la Compañía de Jesús. Descripción: Iniciales S. Xr. Q. que se desata como S[an] X[avie]r [de] Q[uerétaro.]. Observaciones: A falta de un testimonio de pertenencia se hace la atribución de la marca en función a la realizada por David Saavedra Vega. Se espera localizar otro ejemplar que corrobore esta atribución. Ubicación de la marca en el libro: Canto superior” | ||
| 600 | 1 | 4 |
_aGallo, Nicolas _cPresbítero de la Congregación Del Salvador del Mundo de Madrid _921111 |
| 650 | 1 | 4 |
_aTeología pastoral _ySiglo XVIII _921112 |
| 856 | _ahttp://www.marcasdefuego.buap.mx:8180/xmLibris/projects/firebrand/item.jsp?repository=marcas_de_fuego&key=marcas_de_fuego_marcas_de_fuego_20151006120916_4064.xml&num=5 | ||
| 902 | _aCFM | ||
| 942 |
_2lcc _cB |
||
| 999 |
_c8385 _d8385 |
||